Global economic outlook (Record no. 108854)
[ view plain ]
| 000 -LEADER | |
|---|---|
| fixed length control field | 01393cad a22002295a 4500 |
| 001 - CONTROL NUMBER | |
| control field | L145675 |
| 008 - FIXED-LENGTH DATA ELEMENTS--GENERAL INFORMATION | |
| fixed length control field | 081030s2008 xxkad f s 000 0 eng d |
| 035 ## - SYSTEM CONTROL NUMBER | |
| System control number | (Sirsi) u145675 |
| 041 0# - LANGUAGE CODE | |
| Language code of text/sound track or separate title | eng |
| 050 04 - LIBRARY OF CONGRESS CALL NUMBER | |
| Classification number | 333.33 $2 18 |
| 110 2# - MAIN ENTRY--CORPORATE NAME | |
| Corporate name or jurisdiction name as entry element | Deloitte |
| 9 (RLIN) | 5633 |
| 245 00 - TITLE STATEMENT | |
| Title | Global economic outlook |
| Remainder of title | fourth quarter |
| Medium | [electronic resource] |
| 260 ## - PUBLICATION, DISTRIBUTION, ETC. | |
| Place of publication, distribution, etc. | London |
| Name of publisher, distributor, etc. | Deloitte |
| Date of publication, distribution, etc. | 2008 |
| 490 #0 - SERIES STATEMENT | |
| Series statement | Global Economic Outlook |
| Volume/sequential designation | Fourth Quarter 2008 |
| 520 ## - SUMMARY, ETC. | |
| Summary, etc. | Reviews the key events of the credit crunch and the subsequent policy responses on the global economic crisis of 2008. Evaluates the successes and failures of these different policy responses whilst placing the crisis into an historical perspective and makes tentative forecasts. Discusses three important issues overshadowed by the financial crisis: the price of oil; the outlook for inflation in both developed and emerging countries and the impact of exchange rate policy in emerging markets. Concludes with outlooks for the economies of the United States, United Kingdom, Eurozone, Russia, India, China, Japan, and Brazil. |
| 590 ## - LOCAL NOTE (RLIN) | |
| Local note | KA NTK |
| 650 24 - SUBJECT ADDED ENTRY--TOPICAL TERM | |
| Topical term or geographic name entry element | DELOITTE GLOBAL ECONOMIC OUTLOOK |
| 651 #4 - SUBJECT ADDED ENTRY--GEOGRAPHIC NAME | |
| Geographic name | International |
| 690 ## - LOCAL SUBJECT ADDED ENTRY--TOPICAL TERM (OCLC, RLIN) | |
| Topical term or geographic name as entry element | PROPERTY-COMMERCIAL PROPERTY-COMMERCIAL PROPERTY MARKET |
| 856 40 - ELECTRONIC LOCATION AND ACCESS | |
| Uniform Resource Identifier | <a href="https://www.deloitte.com/dtt/article/0,1002,cid%253D230064,00.html">https://www.deloitte.com/dtt/article/0,1002,cid%253D230064,00.html</a> |
| Public note | View this item free of charge at www.deloitte.com... |
| 942 ## - ADDED ENTRY ELEMENTS (KOHA) | |
| Suppress in OPAC | 0 |
| Withdrawn status | Lost status | Source of classification or shelving scheme | Damaged status | Not for loan | Home library | Current library | Shelving location | Date acquired | Total Checkouts | Full call number | Barcode | Date last seen | Copy number | Price effective from | Koha item type |
|---|---|---|---|---|---|---|---|---|---|---|---|---|---|---|---|
| Dewey Decimal Classification | Virtual | Virtual | Online | 30/10/2008 | ONLINE PUBLICATION | 145675-1001 | 06/08/2019 | 1 | 06/08/2019 | Book |